|
|
|
|
| LEADER |
00000cam a2200000 a 4500 |
| 001 |
vtls010037116 |
| 003 |
SK-MaSNL |
| 005 |
20260301083431.0 |
| 008 |
240318s2007 xr g 000 0 cze |
| 020 |
|
|
|a 8073820064
|q (brož.)
|
| 040 |
|
|
|a SNK
|b slo
|c SNK
|e AACR2
|
| 041 |
0 |
|
|a cze
|
| 044 |
|
|
|a xr
|c CZ
|
| 072 |
|
7 |
|a 81
|x Lingvistika. Jazyky
|2 konspekt
|
| 080 |
|
|
|a 81'373.45
|2 2001
|
| 080 |
|
|
|a (038.072)
|2 2001
|
| 080 |
|
|
|a 811.162.3
|2 2001
|
| 100 |
1 |
|
|a Linhart, Jiří
|4 aut
|9 410309
|
| 245 |
1 |
0 |
|a Slovník cizích slov pro nové století
|b základní měnové jednotky : abecední seznam chemických prvků : jazykovědné pojmy : 30 000 hesel
|c [Jiří Linhart a kolektiv]
|
| 260 |
|
|
|a Litvínov
|b Dialog
|c 2007
|
| 300 |
|
|
|a 412 s.
|c 21 cm
|
| 650 |
0 |
7 |
|a cudzie slová
|2 SNKPH
|9 28704
|
| 650 |
0 |
7 |
|a Foreign words
|2 SNKPHeng
|9 299234
|
| 650 |
0 |
7 |
|a čeština
|2 SNKPH
|9 1319
|
| 650 |
0 |
7 |
|a Czech language
|2 SNKPHeng
|9 288039
|
| 655 |
|
7 |
|a výkladové slovníky
|2 SNKPH
|9 69007
|
| 655 |
|
7 |
|a Explanatory dictionaries
|2 SNKPHeng
|9 278822
|
| 919 |
|
|
|a 80-7382-006-4
|
| 999 |
|
|
|c 660521
|d 662451
|
| 952 |
|
|
|t snkSLO 800.50(031)
|a SNKUST
|b SNKUST
|y PREZ
|7 0
|p 17A1121750
|o snkIC 141490
|i snk2014/23316
|8 3
|g 3.83
|0 0
|1 0
|4 0
|d 2014-10-27
|l 0
|r 2025-04-28 00:00:00
|w 2026-02-23
|